| 000 | 00632nam a22001817a 4500 | ||
|---|---|---|---|
| 999 |
_c191301 _d191301 |
||
| 005 | 20220824115542.0 | ||
| 010 | _aENG-134624 | ||
| 020 |
_a9788195318902 _c200.00 |
||
| 035 | _aEN-118156 | ||
| 037 | _bDBAD/PUB | ||
| 082 | _a540 | ||
| 100 | _aBandyopadhyay, Chandrakanta | ||
| 245 |
_aBasic Concepts on Solid Phase Synthesis and Combinatorial Chemistry/ _cChandrakanta Bandyopadhyay |
||
| 260 |
_aKolkata _bBooks & Allied (P) Ltd _c2022 |
||
| 270 |
_a83/1, Dr. S.C. Banerjee Road, Beliaghata _bKolkata _e700010 _mbooksandallied1960@gmail.com |
||
| 300 |
_a136p. _bIndex _c24cm(pbk) |
||
| 942 |
_2ddc _cEN _h540 _mBAN |
||